000 00570nam a2200241 a 4500
001 nice12345678
003 IN_TiNIC
005 20260116012031.0
008 050524s0000 lona grp 000 0 per
020 _a
_c100
082 0 0 _a891.53
_bSPY
100 _aSpyri, Johanna
245 _aPisr-I-Chopan
260 _aLondon
_bNo Publisher
_c0000
300 _a61p
500 _aincludes index and biblioraphy
505 2 _aHand Written Manuscript
650 _aPersian Fiction
700 1 _aSpyri, Johanna
902 _bSRS
942 _cBK
999 _c5356
_d5356